| 000 | 00793nam a2200217 4500 | ||
|---|---|---|---|
| 001 | 107347 | ||
| 003 | ES-MaACL | ||
| 007 | t| | ||
| 008 | 061121s1981 mx r ||||1| spa d | ||
| 100 | 1 |
_aMorra, Umberto. _983659 |
|
| 245 | 1 | 0 |
_aDel arte y de la vida _b: coloquios con Berenson / _cUmberto Morra; traducción de Nadia Piemonte;versión de Carlos Martínez Moreno. |
| 250 | _a2ª. ed. en español. | ||
| 260 |
_aMéxico : _bFondo de Cultura Económica, _c1981. |
||
| 300 |
_a240 p. ; _c18 cm. |
||
| 490 | 1 |
_aBreviarios del Fondo de Cultura Económica ; _v296 |
|
| 700 | 1 |
_aPiemonte, Nadia. _991917 |
|
| 700 | 1 |
_aMartínez Moreno, Carlos. _978261 |
|
| 830 | 0 |
_aBreviarios del Fondo de Cultura Económica ; _v296 _9179682 |
|
| 852 |
_aES-MaACL _jL-8412 _bR.109112 |
||
| 999 |
_c107347 _d107347 |
||